Most Economically Equal Countries - Statistics

General Stats
  • This quiz has been taken 38 times
  • The average score is 16 of 20
Answer Stats
Hint Answer % Correct
7 Norway
97%
3 Sweden
97%
6 Denmark
92%
12 Finland
92%
10 United Kingdom
92%
5 Germany
89%
18 Iceland
89%
2 The Netherlands
89%
11 Austria
87%
16 Belgium
87%
13 Canada
87%
15 Australia
84%
17 France
84%
1 New Zealand
82%
4 Switzerland
82%
19 Japan
76%
9 Luxembourg
76%
8 Singapore
66%
20 Hong Kong
8%
14 United States
8%
No matching quizzes found
Score Distribution
Percent of People with Each Score
Percentile by Number Answered
Your Score History
You have not taken this quiz